Cirugía / (Record no. 162812)

MARC details
000 -LEADER
campo de control de longitud fija 00929nam a2200241 i 4500
001 - NÚMERO DE CONTROL
campo de control 162812
003 - IDENTIFICADOR DE NÚMERO DE CONTROL
campo de control ES-MaACL
005 - FECHA Y HORA DE LA ÚLTIMA TRANSACCIÓN
campo de control 20250806085415.0
008 - DATOS DE LONGITUD FIJA--INFORMACIÓN GENERAL
campo de control de longitud fija 170427s1911 sp |||| | spa d
100 1# - ENTRADA PRINCIPAL--NOMBRE DE PERSONA
Nombre de persona Payr, E.
9 (RLIN) 162481
245 10 - MENCIÓN DEL TÍTULO
Título Cirugía /
Mención de responsabilidad, etc. por E. Payr y M. Borchardt. Accidentes del trabajo : reconocimientos periciales y medicina legal / por Dr.Thiem ; versión española de Luciano Lotero.
260 ## - PUBLICACIÓN, DISTRIBUCIÓN, ETC.
Lugar de publicación, distribución, etc. Madrid :
Nombre del editor, distribuidor, etc. Saturnino Calleja Fernández,
Fecha de publicación, distribución, etc. 1911.
300 ## - DESCRIPCIÓN FÍSICA
Extensión 204 p. :
Otras características físicas il. ;
Dimensiones 24 cm.
490 1# - MENCIÓN DE SERIE
Mención de serie Anuario de ciencias médicas. Primera serie ;
Designación de volumen o secuencia 12
504 ## - NOTA DE BIBLIOGRAFÍA, ETC.
Nota de bibliografía, etc. Bibliografía: p. 200-202.
650 07 - PUNTO DE ACCESO ADICIONAL DE MATERIA--TÉRMINO DE MATERIA
Término de materia o nombre geográfico como elemento de entrada Cirugía
Fuente del encabezamiento o término embne
9 (RLIN) 11050
650 07 - PUNTO DE ACCESO ADICIONAL DE MATERIA--TÉRMINO DE MATERIA
Término de materia o nombre geográfico como elemento de entrada Medicina del trabajo
Fuente del encabezamiento o término embne
9 (RLIN) 14922
700 1# - ENTRADA AGREGADA--NOMBRE PERSONAL
Nombre de persona Lotero, Luciano.
9 (RLIN) 162482
700 1# - ENTRADA AGREGADA--NOMBRE PERSONAL
Nombre de persona Borchardt, M.
9 (RLIN) 162483
830 0# - PUNTO DE ACCESO ADICIONAL DE SERIE-TÍTULO UNIFORME
Título uniforme Anuario de ciencias médicas. Primera serie ;
Designación de volumen o secuencia 12
9 (RLIN) 182797
852 ## - LOCALIZACIÓN
Ubicación ES-MaACL
Número de control de estantería B-11078
Holdings
Estatus retirado Estado de pérdida Estado de daño No para préstamo Biblioteca de origen Biblioteca actual Ubicación en estantería Fecha de adquisición Fuente de adquisición Total de préstamos Signatura topográfica completa Código de barras Visto por última vez Precio de reemplazo Tipo de ítem Koha
        Biblioteca del Ateneo de Madrid Biblioteca del Ateneo de Madrid Sala Pardo Bazán 27/04/2017     B-11078 1197476 23/02/2023 23/02/2023 Libro impreso